أسماء ومسميات : (Record no. 7165)
[ view plain ]
| 000 -الفاتح | |
|---|---|
| حقل البيانات ثابتة الطول | 01112nac a22002771i 4500 |
| 003 - محدد رقم الضبط | |
| رقم الضبط | EG-ScBUE |
| 005 - وقت وتاريخ اخر تعامل مع التسجيلة | |
| رقم الضبط | 20240813111938.0 |
| 008 - عناصر البيانات ثابتة الطول - معلومات عامة | |
| حقل البيانات ثابتة الطول | 121122s1986 ua ab f b 000 0 ara d |
| 017 ## - رقم الإيداع القانونى | |
| رقم الإيداع القانونى | 1986 / 2518 |
| 020 ## - الرقم الدولى المعيارى للكتب | |
| الرقم الدولى المعيارى للكتاب | 9770109428 |
| 040 ## - مصدر الفهرسة | |
| وكالة الفهرسة الأصلية | EG-ScBUE |
| لغة الفهرسة | ara |
| قواعد الوصف | rda |
| وكالة النسخ | EG-ScBUE |
| وكالة التعديل | EG-ScBUE |
| 043 ## - رمز المنطقة الجغرافية | |
| رمز المنطقة الجغرافية | f-ua--- |
| 082 04 - رقم تصنيف ديوى العشرى | |
| رقم التصنيف | 962.16 |
| رقم المادة | م ح م |
| رقم الطبعة | 22 |
| 100 1# - المدخل الرئيسى - إسم شخصى | |
| الإسم الشخصى | محمد، محمد كمال السيد، |
| الدور | مؤلف. |
| 9 (RLIN) | 31384 |
| 245 10 - بيان العنوان | |
| العنوان | أسماء ومسميات : |
| بقية العنوان | من تاريخ مصر - القاهرة / |
| بيان المسئوليه,etc | تأليف محمد كمال السيد محمد. |
| 264 #1 - النشر، التوزيع | |
| مكان الناشر او الموزع | القاهرة : |
| اسم الناشر او الموزع | الهيئة المصرية العامة للكتاب، |
| تاريخ النشر أو التوزيع | 1986. |
| 300 ## - الوصف المادى | |
| التعداد | 512 صفحة : |
| تفاصيل ماديه اخرى للوعاء | إيضاحيات، خرائط ؛ |
| أبعاد الوعاء | 24 سم |
| 336 ## - نوع المحتوى | |
| source | rdacontent |
| Carrier Type Term | نص |
| Content Type Code | txt |
| 337 ## - نوع الوسيط | |
| Media Type Term | بدون وسيط |
| source | rdamedia |
| Media Type Code | n |
| 338 ## - نوع الحامل أو الناقل | |
| Carrier Type Term | مجلد |
| Carrier Type Code | nc |
| source | rdacarrier |
| 504 ## - تبصرة ببليوجرافية | |
| تبصرة ببليوجرافية,الخ | يشتمل على إرجاعات ببليوجرافية. |
| 651 #7 - المدخل الاضافى بالموضوع - اسم جغرافى | |
| الاسم الجغرافي | القاهرة |
| التقسيم الفرعي العام | وصف ورحلات. |
| مصدر الرأس أو المصطلح | BUEsh |
| 9 (RLIN) | 31385 |
| 651 #7 - المدخل الاضافى بالموضوع - اسم جغرافى | |
| الاسم الجغرافي | القاهرة |
| التقسيم الفرعي العام | المبانى التاريخية. |
| مصدر الرأس أو المصطلح | BUEsh |
| 9 (RLIN) | 31386 |
| 655 ## - مصطلح تكشيفى-نوع/شكل | |
| التقسيم الفرعي الشكلي | Reading book |
| 942 ## - عناصر المدخل الإضافي( كوها) | |
| Koha [default] item type | Book - Borrowing |
| مصدر التصنيف او مخطط الترفيف | Dewey Decimal Classification |
| حالة التراجع | حالة الفقد | مصدر التصنيف او خطة الترفيف | حالة تلف | ليس للاعارة | مجموعات كوها | المكان الدائم | المكان الحالي | موقع الترفيف | تاريخ الاكتساب | Source of acquisition | رقم الاستدعاء | الباركود | Date last seen | نوع الوعاء |
|---|---|---|---|---|---|---|---|---|---|---|---|---|---|---|
| Dewey Decimal Classification | Alef-Baa | Central Library | Central Library | Second Floor | 08/01/2014 | Purchase | 962.16 م ح م | 000008656 | 15/07/2025 | Book - Borrowing |